000 00339nam a2200133 i 4500
001 bg
100 1 _aTYSZKA, Zbigniew
245 0 _aRodziny robotnicze w Polsce :
_bróżnice i podobieństwa /
_cZbigniew Tyszka.
260 _aWarszawa,
_c1977.
040 _cBPK
041 _apol
942 _cKS
008 s pl f |000 0 pol
999 _c9521
_d9521
856 _uhttp://koha.tu.koszalin.pl/cgi-bin/koha/opac-detail.pl?biblionumber=9521
_yKatalog online BPK